| 000 | 00672nam a2200253Ia 4500 | ||
|---|---|---|---|
| 008 | 160404s9999 xx 000 0 und d | ||
| 020 | _a978-971-12-0275-5 | ||
| 050 | _aFIL HG 4026 | ||
| 050 | _b.M45 2006 c.1 | ||
| 100 | _aMejorada, Nenita D. | ||
| 245 | _aBusiness finance / | ||
| 245 | _cNenita D. Mejorada. | ||
| 250 | _a3rd Edition | ||
| 260 | _aQuezon City: | ||
| 260 | _bGoowwill Trading Co., Inc, | ||
| 260 | _c2006 | ||
| 300 | _a289 pages : | ||
| 300 | _billustrations ; | ||
| 300 | _c25 cm. | ||
| 500 | _aIncludes index. | ||
| 650 | _aBusiness -- Finance. | ||
| 650 | _aCorporations -- Finance. | ||
| 650 | _xBusiness enterprises -- Finance. | ||
| 999 |
_c293269 _d293269 |
||